000 00878nas a2200277 4500
001 BR2011005049
003 BR-BrBNA
005 20231205115550.0
007 ta
008 230509b bl.|||p| |||| 00| 00por d
040 _aBR-BrBNA
_bpor
_cBiblioteca Nacional de Agricultura
041 _a(Pt)
072 _aP40
100 1 _aDallacort, R.
100 1 _aMartins, J.A.
100 1 _aInoue, M.H.
100 1 _aFreitas, P.S.L. de
100 1 _aColetti, A.J.
245 1 _aDistribuição das chuvas no município de Tangará da Serra, médio norte do Estado de Mato Grosso, Brasil
650 _aPRECIPITAÇÃO PLUVIAL
650 _aRECURSO HÍDRICO
650 _aMETEOROLOGIA
773 0 _tActa Scientiarum. Agronomy (Brazil)
_xISSN 1679-9275
_g(Apr-Jun 2011), v. 33(2) p. 193-200
_wBR2011005049
909 _a202311
_bLúcia
_c55
_dLúcia Elande
942 _2AGRIS
_n0
_cANA
999 _c214483
_d214483